Pop Art

Salvato in:
Dettagli Bibliografici
Autore principale: Osterwold, Tilman (Autore)
Natura: Libro
Lingua:inglese
Pubblicazione: Koln : Taschen, 1992
Edizione:1. vydanie
Soggetti:
Tags: Aggiungi Tag
Nessun Tag, puoi essere il primo ad aggiungerne!!

MARC

LEADER 00000nam a22000003a 4500
001 stu11572
005 20150617225804.3
008 950622s1992----gw------------------eng-d
040 |a STU  |b slo 
041 0 |a eng 
044 |a gw 
100 1 |a Osterwold, Tilman  |4 aut 
245 1 |a Pop Art 
250 |a 1. vydanie 
260 |a Koln :  |b Taschen,  |c 1992 
300 |a 239 s 
650 7 |a dejiny umenia  |2 stusub 
996 |b 284AU02106  |c A*2547 U  |l AAKNST  |s P  |a 0  |w stu11572_0001